Interfaz bioética

Gorde:
Xehetasun bibliografikoak
Egile nagusia: Sagols, Lizbeth
Formatua: Liburua
Hizkuntza:Undetermined
Argitaratua: México, Distrito Federal Universidad Nacional Autónoma de México 2006
Gaiak:
Etiketak: Etiketa erantsi
Etiketarik gabe, Izan zaitez lehena erregistro honi etiketa jartzen!

MARC

LEADER 00000nam a2200000Ia 4500
008 170316s9999 xx 000 0 und d
090 |a 100 S-5.1i 
100 |a Sagols, Lizbeth 
245 |a Interfaz bioética 
260 |a México, Distrito Federal 
260 |b Universidad Nacional Autónoma de México 
260 |c 2006 
300 |a 121 páginas 
650 |a FILOSOFÍA 
650 |a BIOÉTICA 
650 |a NATURALEZA Y DIGNIDAD HUMANA 
650 |a ÉTICA 
650 |a CLONACIÓN 
650 |a EUGENESIA 
999 |c 17650  |d 17650 
040 |a cru BVZT 
942 |c 15 D  |h 100 S-5.1i  |2 z